History Quiz

Random History or Year Quiz

Titanic First Class Dinner Menu Quiz Stats

 Plays Quiz not verified by Sporcle

Support Sporcle.
Go Orange.
Score 0/27 Timer 07:00
0 Plays Today
% Correct
SAUTE OF CHICKEN LYONNAISE
75.4%
CHATEAU POTATOES
67%
PARMENTIER & BOILED NEW POTATOES
66.9%
FILET MIGNONS LILI
64.2%
SIRLOIN OF BEEF
57%
CONSOMME OLGA
55.4%
SALMON. MOUSSELINE SAUCE. CUCUMBER
54.7%
CREAM OF BARLEY
54.5%
LAMB. MINT SAUCE
48.6%
CREAMED CARROTS
46.1%
FRENCH ICE CREAM
39.4%
GREEN PEAS
38.8%
OYSTERS
36.4%
BOILED RICE
32.3%
% Correct
ROAST DUCKLING. APPLE SAUCE
32.2%
COLD ASPARAGUS
30.3%
PUNCH ROMAINE
29.2%
RED BURGUNDY
29.1%
WALDORF PUDDING
27.9%
CELERY
16.6%
VEGETABLE MARROW FARCIE
15.3%
CHOCOLATE & VANILLA ECLAIRS
13.9%
PATE DE FOIE GRAS
13.5%
PEACHES IN CHARTREUSE JELLY
12.9%
ROAST SQUAB & CRESS
8.6%
VINAIGRETTE
8.1%
HORS D'OEUVRE VARIES
6.6%

You're not logged in!

Compare scores with friends on all Sporcle quizzes.
OR
Log In

From the Vault

SIA Puzzle Hunt: Sets Missing One

by SIA

The official stance of the SIA is there is nothing missing from this hunt puzzle.
Remove Ads.
Support Sporcle.
Get the best of Sporcle when you Go Orange. This ad-free experience offers more features, more stats, and more fun while also helping to support Sporcle. Thank you for becoming a member.

Show Comments

Extras

Top Quizzes Today


Score Distribution

Your Account Isn't Verified!

In order to create a playlist on Sporcle, you need to verify the email address you used during registration. Go to your Sporcle Settings to finish the process.

Report this User

Report this user for behavior that violates our Community Guidelines.

Details: